| 000 | 00465cam a22001337a 4500 | ||
|---|---|---|---|
| 008 | 180718b2000 xxu||||| |||| 00| 0 eng d | ||
| 100 | _aBongini, Paola | ||
| 245 |
_aThe political economy of distress in East Asian financial institutions _cby Paola Bongini, Stijn Claessens Giovanni Ferri |
||
| 260 |
_aWashington, D.C. _bWorld Bank _c2000 |
||
| 300 | _a22p. | ||
| 440 | _aPolicy research working paper 2265 | ||
| 700 | _aFerri, Giovanni | ||
| 700 | _aClaessens, Stijn | ||
| 999 |
_c281205 _d281205 |
||